00746nam a22002057a 450000500170000001000170001702000410003402000380007503500170011303500170013003700170014708200060016424501210017026000440029127000710033530000340040650000110044050500730045170000160052420130924124856.0 aB-380651-676 a9788189999810c195.00 (225.00 BPPD) a8189999818c195.00 (225.00 BPPD) aB-380651-676 aB-514399-441 bUBH/Venadpl aS aGreat rulers of India :cedited by Anant PaibKrishandeva Raya, Ashoka, Chandragupta Maurya, Samudra Gupta, Harsha / bAmar Chitra Katha c2009(repr)aMumbai  a14 Marthand, 4th Floor, 84 Dr. Annie Besant Road,bMumbai e400018 avarious pagings c23cm(Hb)b  a5-In-1 aKrishnadeva Raya, Ashoka, Chandragupta Mourya, Samudro Gupta, Harsha aPai, Anant